000 00409nam a2200157Ia 4500
005 20250407105049.0
008 231217s9999 xx 000 0 und d
020 _a9788131404904
082 _a339 MAT.1;2 R1
100 _aMathew, Mercy ed.
245 0 _aCase studies on macroeconomics V.1
260 _c2007
_bICFAI
_aHyderabad
300 _av,292
650 _astudies,macroeconomics,v.1
942 _cAA
999 _c191982
_d191982